Zmeny vo vybraných ekonomických nástrojoch od roku 2013 diplomová práca

Saved in:
Bibliographic Details
Main Author: Pintér, Igor
Corporate Author: Obchodná fakulta EU. Katedra služieb a cestovného ruchu - zrušené
Other Authors: Strážovská, Helena
Format: Book
Language:Slovak
Published: Bratislava 2014
Tags: Add Tag
No Tags, Be the first to tag this record!

MARC

LEADER 00000nbm a2200000 4500
001 0186252
005 20170201095731.1
041 0 |a slo 
044 |a SK 
245 1 0 |a Zmeny vo vybraných ekonomických nástrojoch od roku 2013  |b diplomová práca  |c Igor Pintér ; školiteľ: Helena Strážovská 
264 1 |a Bratislava  |c 2014 
300 |a 77 s. 
100 1 |a Pintér, Igor 
700 1 |a Strážovská, Helena 
710 2 |a Obchodná fakulta EU. Katedra služieb a cestovného ruchu - zrušené